00283nam a22001097a 4500082002900000100001300029245003300042260004100075300001200116526003700128650000800165 a625.84bCONcL-39, P-197 aA. C. I. aConcrete PavementscA. C. I. aAmericabAmerican Concrete Institute a76 P, : a0b0c0d625_840000000000000_CON aMCE